000 00327 a2200133 4500
001 65887
040 _cAnchieta - Pituba
100 _aFagundes, Benício
240 1 0 _a2ª Avaliação de Matemática, 8º ano
_lpor
245 1 0 _a2ª Avaliação de Matemática, 8º ano
362 0 _a2018
650 4 _aMatemática
942 _cBK
999 _c65887
_d65887